Principles of biochemistry Ed 5 (Record no. 166112)
[ view plain ]
| 000 -LEADER | |
|---|---|
| fixed length control field | 00659nam a2200241Ia 4500 |
| 003 - CONTROL NUMBER IDENTIFIER | |
| control field | OSt |
| 005 - DATE AND TIME OF LATEST TRANSACTION | |
| control field | 20230511160740.0 |
| 008 - FIXED-LENGTH DATA ELEMENTS--GENERAL INFORMATION | |
| fixed length control field | 210423s2012 xx 000 0 und d |
| 020 ## - INTERNATIONAL STANDARD BOOK NUMBER | |
| International Standard Book Number | 978-0-321-79579-3 |
| 040 ## - CATALOGING SOURCE | |
| Transcribing agency | AL |
| 041 ## - LANGUAGE CODE | |
| Language code of text/sound track or separate title | eng |
| 082 ## - DEWEY DECIMAL CLASSIFICATION NUMBER | |
| Classification number | 574.192 MORP |
| 100 ## - MAIN ENTRY--PERSONAL NAME | |
| Personal name | MORAN (Laurence A);HORTON (H Robert);SCRIMGEOUR (K Gray);PERRY (Marc D) |
| 9 (RLIN) | 103857 |
| 245 ## - TITLE STATEMENT | |
| Title | Principles of biochemistry Ed 5 |
| 250 ## - EDITION STATEMENT | |
| Edition statement | 5 |
| 260 ## - PUBLICATION, DISTRIBUTION, ETC. | |
| Place of publication, distribution, etc. | New Delhi |
| Name of publisher, distributor, etc. | Pearson |
| Date of publication, distribution, etc. | 2012 |
| 300 ## - PHYSICAL DESCRIPTION | |
| Extent | xxxiii,786 |
| Other physical details | PB |
| 365 ## - TRADE PRICE | |
| Price amount | 4205.5 |
| Currency code | USD |
| 650 ## - SUBJECT ADDED ENTRY--TOPICAL TERM | |
| Topical term or geographic name entry element | Biochemistry |
| 9 (RLIN) | 103858 |
| 650 ## - SUBJECT ADDED ENTRY--TOPICAL TERM | |
| Topical term or geographic name entry element | Biology |
| 9 (RLIN) | 103859 |
| 906 ## - LOCAL DATA ELEMENT F, LDF (RLIN) | |
| a | biochemistry ; Ed ; Principles |
| 942 ## - ADDED ENTRY ELEMENTS (KOHA) | |
| Source of classification or shelving scheme | Dewey Decimal Classification |
| Koha item type | Book |
| Withdrawn status | Lost status | Damaged status | Not for loan | Collection code | Home library | Current library | Date acquired | Source of acquisition | Cost, normal purchase price | Total Checkouts | Full call number | Barcode | Date last seen | Date last checked out | Price effective from | Koha item type |
|---|---|---|---|---|---|---|---|---|---|---|---|---|---|---|---|---|
| Bio Chemistry | St Aloysius PG Library | St Aloysius PG Library | 11/18/2014 | Prajwal book distributors | 4205.50 | 2 | 574.192 MORP | PG012611 | 08/24/2022 | 02/12/2022 | 04/26/2021 | Book |